| 000 | 01479nam a2200349 ia4500 | ||
|---|---|---|---|
| 005 | 20260518112425.0 | ||
| 008 | 260405t20252025njuao erbf 000 0 eng d | ||
| 020 |
_a9781394284610 _cRM 137.39 _qpaperback |
||
| 040 |
_aPPAK _beng _cPPAK _erda |
||
| 082 | 0 | 4 |
_223 _a006.686 |
| 090 | 0 | 0 |
_a006.686 _bSYL _dG |
| 100 | 1 |
_aSylvan, Rob, _eauthor. |
|
| 245 | 1 | 0 |
_aAdobe Photoshop Lightroom Classic / _cby Rob Sylvan |
| 246 | 3 | 0 | _aAdobe Photoshop Lightroom Classic for dummies |
| 250 | _a3rd Edition | ||
| 264 | 1 |
_aHoboken, New Jersey : _bJohn Wiley & Sons, Inc., _c2025 |
|
| 264 | 4 | _c©2025 | |
| 300 |
_axiii, 366 pages : _bcolour photographs ; _c23 cm |
||
| 336 |
_atext _2rdacontent |
||
| 337 |
_aunmediated _2rdamedia |
||
| 338 |
_avolume _2rdacarrier |
||
| 490 | 1 | _aLEARNING MADE EASY | |
| 490 | 1 | _aFor dummies | |
| 500 | _aIncludes index | ||
| 520 | _aNew and experienced photographers will gain tips and tricks for using Adobe Photoshop Lightroom Classic. Learn to edit, organize, and share large numbers of digital photos. This edition walks through all of the software's fundamental features, as well as the newest AI-powered tools to help with noise removal and identifying specific photos | ||
| 630 | _aAdobe Photoshop lightroom. | ||
| 650 | 1 | 0 |
_aPhotography _xDigital techniques _xComputer programs. |
| 650 | 2 | 0 |
_aArtificial intelligence _xComputer programs. |
| 830 | 0 | _aLearning made easy | |
| 830 | 0 | _aFor dummies | |
| 942 |
_2ddc _cB |
||
| 999 |
_c203694 _d203694 |
||